01119nam a2200193Ia 4500001000900000003001000009008004100019040002500060041001300085100002100098245003100119250001100150260006700161300001200228500026200240501011400502520026200616650004700878L120-810IT-CnALBA170116s9999||||xx |||||||||||||| ||und|| aIT-CnALBAcIT-CnALBA aITALIANO aZAMBONI GIUSEPPE 0aMETAFISICA E GNOSEOLOGIA.  a1a ed. aVERONAbVERONESE LA TIPOGRAFICA EDITRICEc1935 [1° Ed.: n.d.] a136 p.  aRISPOSTA A FRANCESCO OLGIATI. ORIENTAMENTO STUDIO DELLA FILOSOFIA. FENOMENO E REALTÀ FENOMENICA. REALISMO. CONCETTO DI CONOSCENZA NELLA FILOSOFIA MODERNA. METAFISICA COSCIENZA. CONCETTO DI ENTE. METAFISICA E SISTEMA. PROCESSO DELLA CONOSCENZA. PERCEZIONE  aSocietà San Paolo EM - Piazza San Paolo, 14 - 12051 ALBA (CN) (non commercial uses only) ® Copyright 2017 aRISPOSTA A FRANCESCO OLGIATI. ORIENTAMENTO STUDIO DELLA FILOSOFIA. FENOMENO E REALTÀ FENOMENICA. REALISMO. CONCETTO DI CONOSCENZA NELLA FILOSOFIA MODERNA. METAFISICA COSCIENZA. CONCETTO DI ENTE. METAFISICA E SISTEMA. PROCESSO DELLA CONOSCENZA. PERCEZIONE  aGNOSEOLOGIA - CAUSALITÀ - FINE DELL'UOMO